00746nam a22002057a 450000500170000001000150001702000240003203500140005603700130007008200100008310000340009324500730012726000460020027000700024630000200031650000370033694200240037399900190039795201240041620180612105138.0 aENG-123198 a0199481687c1250.00 aEN-106730 bDBAD/PUB a930.1 aChattopadhyay, Rupendra kumar aThe archaeology of coastal Bengal/cby Rupendra Kumar Chattopadhyay  aNew DelhibOxford university press c2018 a2/11 Ground floor, Ansari road, Daryaganj, bNew Delhie110002 a337p.c22cm(Hb) ait includes references and index 2ddccENmCHAh930.1 c152651d152651 001040708NFICaBL4bBL4d2018-06-12eDBAD/PUBg1250.00l0o930.1 CHApEN-106730r2018-06-12 00:00:00t1v1250.00yEN